| 000 | nam a22 7a 4500 | ||
|---|---|---|---|
| 999 |
_c29240 _d29240 |
||
| 008 | 171123b xxu||||| |||| 00| 0 eng d | ||
| 020 | _a9788172335540 | ||
| 050 | _aGE 70 .45 2009 | ||
| 100 | _aAmin, J. V. | ||
| 245 |
_aEnvironment and self-endangered man/ _c J. V. Amin |
||
| 260 |
_aJodhpur : _b Scientific Publishers (India), _c©2009. |
||
| 300 | _a xii, 248 pages, [20] pages of plates : illustrations (chiefly color) ; 25 cm | ||
| 650 | _aEnvironmental degradation | ||
| 650 | _aHuman ecology | ||
| 942 |
_2lcc _cBOOKS _hGE 70 .45 2009 |
||